|
|
|
|
| LEADER |
00000nab a2200000 a 4500 |
| 001 |
vtls000517849 |
| 003 |
SK-MaSNL |
| 005 |
20260303002756.0 |
| 008 |
120928c1994 xo 0 slo |
| 015 |
|
|
|a SNBRB19rr/mm-uuuuu
|
| 035 |
|
|
|a CL0517987
|
| 040 |
|
|
|a SNKBUCL
|b slo
|c SNKBUCL
|e AACR2
|
| 041 |
0 |
|
|a slo
|
| 044 |
|
|
|a xo
|c SK
|
| 080 |
|
|
|a 348.73:332:340.131
|2 1981
|
| 080 |
|
|
|a 332
|2 1981
|
| 080 |
|
|
|a 340.131
|2 1981
|
| 100 |
1 |
|
|a Macko, Juraj
|4 aut
|9 7800
|
| 245 |
1 |
0 |
|a Kataster nehnuteľností a cirkevný majetok
|c Juraj Macko
|
| 300 |
|
|
|b Obr. 1
|
| 500 |
|
|
|a Dokončenie
|
| 650 |
0 |
7 |
|a majetok cirkevný
|2 snkbucl
|9 841000
|
| 650 |
0 |
7 |
|a Zákon NR SR o zmiernení niektorých majetkových krívd spôsobených cirkvám a náboženským spoločnostiam
|2 snkbucl
|9 979780
|
| 655 |
|
7 |
|a články z novín a časopisov
|2 snkbucl
|9 267496
|
| 773 |
0 |
|
|t Verejná správa
|g Č. 9 (1994), s. 20
|
| 850 |
|
|
|a Slovenská národná knižnica v Martine
|a MTA001
|
| 852 |
|
|
|a SNK
|b KIS3GCP
|
| 958 |
|
|
|a RK
|
| 992 |
|
|
|a RBX
|
| 999 |
|
|
|c 1569745
|d 1571675
|